Opodstatnenosť využívania vnútorných zdrojov pri financovaní ekonomického rastu podniku bakalárska práca

Gespeichert in:
Bibliographische Detailangaben
1. Verfasser: Kováčová, Denisa
Körperschaft: Fakulta podnikového manažmentu EU. Katedra podnikovohospodárska
Weitere Verfasser: Križan, Martin
Format: Buch
Sprache:Slowakisch
Veröffentlicht: Bratislava 2017
Tags: Tag hinzufügen
Keine Tags, Fügen Sie das erste Tag hinzu!

MARC

LEADER 00000nbm a2200000 4500
001 0232603
005 20171024102137.1
041 0 |a slo 
044 |a SK 
245 1 0 |a Opodstatnenosť využívania vnútorných zdrojov pri financovaní ekonomického rastu podniku  |b bakalárska práca  |c Denisa Kováčová ; školiteľ: Martin Križan 
264 1 |a Bratislava  |c 2017 
300 |a 49 s. 
100 1 |a Kováčová, Denisa 
700 1 |a Križan, Martin 
710 2 |a Fakulta podnikového manažmentu EU. Katedra podnikovohospodárska